Wage payment and wage collection laws. (Record no. 36436)

MARC details
000 -LEADER
fixed length control field 00818cam a22002411 4500
001 - CONTROL NUMBER
control field l 43000191
003 - CONTROL NUMBER IDENTIFIER
control field DLC
005 - DATE AND TIME OF LATEST TRANSACTION
control field 20260227111538.0
008 - FIXED-LENGTH DATA ELEMENTS--GENERAL INFORMATION
fixed length control field 920604s1943 dcua 000 0 eng
010 ## - LIBRARY OF CONGRESS CONTROL NUMBER
LC control number l 43000191
035 ## - SYSTEM CONTROL NUMBER
System control number (OCoLC)26229393
040 ## - CATALOGING SOURCE
Original cataloging agency DLC
Transcribing agency NNC-L
Modifying agency OCoLC
-- DLC
042 ## - AUTHENTICATION CODE
Authentication code premarc
043 ## - GEOGRAPHIC AREA CODE
Geographic area code n-us---
050 00 - LIBRARY OF CONGRESS CALL NUMBER
Classification number HD4935.U4
Item number M4
100 1# - MAIN ENTRY--PERSONAL NAME
Personal name Mel, Marian Louise
245 10 - TITLE STATEMENT
Title Wage payment and wage collection laws.
Remainder of title United States Department of labor, Frances Perkins, secretary.
Statement of responsibility, etc. Division of labor standards, Verne A. Zimmer, director.
260 ## - PUBLICATION, DISTRIBUTION, ETC.
Place of publication, distribution, etc. Washington, D.C.,
Name of publisher, distributor, etc. U.S. Govt. print. off.
Date of publication, distribution, etc. [1943]
300 ## - PHYSICAL DESCRIPTION
Extent v, 18 p.
Other physical details 8 fold. tables.
Dimensions 23 cm.
650 #0 - SUBJECT ADDED ENTRY--TOPICAL TERM
Topical term or geographic name entry element Wages
Geographic subdivision United States.
650 #0 - SUBJECT ADDED ENTRY--TOPICAL TERM
Topical term or geographic name entry element Labor laws and legislation
Geographic subdivision United States.
740 0# - ADDED ENTRY--UNCONTROLLED RELATED/ANALYTICAL TITLE
Uncontrolled related/analytical title Wage collection laws.

No items available.

Powered by Koha